<?xml version="1.0" encoding="UTF-8"?>
<record
    xmlns:xsi="http://www.w3.org/2001/XMLSchema-instance"
    xsi:schemaLocation="http://www.loc.gov/MARC21/slim http://www.loc.gov/standards/marcxml/schema/MARC21slim.xsd"
    xmlns="http://www.loc.gov/MARC21/slim">

  <leader>01568cam a2200421   4500</leader>
  <datafield tag="999" ind1=" " ind2=" ">
    <subfield code="c">24127</subfield>
    <subfield code="d">24127</subfield>
  </datafield>
  <controlfield tag="001">vtls012248277</controlfield>
  <controlfield tag="005">20260107134252.0</controlfield>
  <controlfield tag="008">240118s2023    xo a   c      010 j slo  </controlfield>
  <datafield tag="020" ind1=" " ind2=" ">
    <subfield code="a">9788082034588</subfield>
    <subfield code="q">(bro&#x17E;ovan&#xE9;)</subfield>
  </datafield>
  <datafield tag="040" ind1=" " ind2=" ">
    <subfield code="a">SNK</subfield>
    <subfield code="b">slo</subfield>
    <subfield code="c">SNK</subfield>
    <subfield code="e">rda</subfield>
  </datafield>
  <datafield tag="041" ind1="1" ind2=" ">
    <subfield code="a">slo</subfield>
    <subfield code="h">eng</subfield>
  </datafield>
  <datafield tag="044" ind1=" " ind2=" ">
    <subfield code="a">xo</subfield>
    <subfield code="c">SK</subfield>
  </datafield>
  <datafield tag="072" ind1=" " ind2="7">
    <subfield code="a">821.111</subfield>
    <subfield code="x">Anglick&#xE1; literat&#xFA;ra, anglicky p&#xED;san&#xE1;</subfield>
    <subfield code="2">konspekt</subfield>
  </datafield>
  <datafield tag="072" ind1=" " ind2="7">
    <subfield code="a">821-93</subfield>
    <subfield code="x">Literat&#xFA;ra pre deti a ml&#xE1;de&#x17E; (beletria)</subfield>
    <subfield code="2">konspekt</subfield>
  </datafield>
  <datafield tag="080" ind1=" " ind2=" ">
    <subfield code="a">821.111-32</subfield>
    <subfield code="2">2011</subfield>
  </datafield>
  <datafield tag="080" ind1=" " ind2=" ">
    <subfield code="a">82-93-053.4/.5</subfield>
    <subfield code="2">2011</subfield>
  </datafield>
  <datafield tag="100" ind1="1" ind2=" ">
    <subfield code="a">Ra&#xFA;f, Onjali Q.,</subfield>
    <subfield code="d">1981-</subfield>
    <subfield code="4">aut</subfield>
    <subfield code="9">5391</subfield>
  </datafield>
  <datafield tag="240" ind1="1" ind2="4">
    <subfield code="a">The night bus hero</subfield>
    <subfield code="l">Slovensky</subfield>
  </datafield>
  <datafield tag="245" ind1="1" ind2="0">
    <subfield code="a">Hrdina z no&#x10D;n&#xE9;ho autobusu</subfield>
    <subfield code="c">Onjali Q. Ra&#xFA;f ; prelo&#x17E;ila Krist&#xED;na Kov&#xE1;&#x10D;ik Bartov&#xE1;</subfield>
  </datafield>
  <datafield tag="264" ind1=" " ind2="1">
    <subfield code="a">&#x17D;ilina</subfield>
    <subfield code="b">Absynt</subfield>
    <subfield code="c">2023</subfield>
  </datafield>
  <datafield tag="300" ind1=" " ind2=" ">
    <subfield code="a">288 str&#xE1;n, 24 ne&#x10D;&#xED;slovan&#xFD;ch str&#xE1;n</subfield>
    <subfield code="b">ilustr&#xE1;cie</subfield>
    <subfield code="c">20 cm</subfield>
  </datafield>
  <datafield tag="336" ind1=" " ind2=" ">
    <subfield code="a">text</subfield>
    <subfield code="b">txt</subfield>
    <subfield code="2">rdacontent</subfield>
  </datafield>
  <datafield tag="337" ind1=" " ind2=" ">
    <subfield code="a">bez m&#xE9;dia</subfield>
    <subfield code="b">n</subfield>
    <subfield code="2">rdamedia</subfield>
  </datafield>
  <datafield tag="338" ind1=" " ind2=" ">
    <subfield code="a">zv&#xE4;zok</subfield>
    <subfield code="b">nc</subfield>
    <subfield code="2">rdacarrier</subfield>
  </datafield>
  <datafield tag="500" ind1=" " ind2=" ">
    <subfield code="a">Prelo&#x17E;en&#xE9; z angli&#x10D;tiny</subfield>
  </datafield>
  <datafield tag="500" ind1=" " ind2=" ">
    <subfield code="a">Obsahuje stru&#x10D;n&#xE9; biografick&#xE9; &#xFA;daje o autorke a prekladate&#x13E;ke</subfield>
  </datafield>
  <datafield tag="655" ind1=" " ind2="7">
    <subfield code="a">anglick&#xE9; pr&#xED;behy</subfield>
    <subfield code="2">SNKPH</subfield>
    <subfield code="9">2287</subfield>
  </datafield>
  <datafield tag="655" ind1=" " ind2="7">
    <subfield code="a">literat&#xFA;ra pre deti a ml&#xE1;de&#x17E;</subfield>
    <subfield code="2">SNKPH</subfield>
    <subfield code="9">3915</subfield>
  </datafield>
  <datafield tag="655" ind1=" " ind2="7">
    <subfield code="a">English stories</subfield>
    <subfield code="2">SNKPHeng</subfield>
    <subfield code="9">2875</subfield>
  </datafield>
  <datafield tag="655" ind1=" " ind2="7">
    <subfield code="a">Children's and juvenile literature</subfield>
    <subfield code="2">SNKPHeng</subfield>
    <subfield code="9">3916</subfield>
  </datafield>
  <datafield tag="700" ind1="1" ind2=" ">
    <subfield code="a">Kov&#xE1;&#x10D;ik Bartov&#xE1;, Krist&#xED;na</subfield>
    <subfield code="4">trl</subfield>
    <subfield code="9">5392</subfield>
  </datafield>
  <datafield tag="700" ind1="1" ind2=" ">
    <subfield code="a">Curnick, Pippa</subfield>
    <subfield code="4">ill</subfield>
    <subfield code="9">5393</subfield>
  </datafield>
  <datafield tag="700" ind1="1" ind2=" ">
    <subfield code="a">Bartov&#xE1;, Zuzana</subfield>
    <subfield code="c">(ilustr&#xE1;torka)</subfield>
    <subfield code="4">bkd</subfield>
    <subfield code="4">bjd</subfield>
    <subfield code="4">ill</subfield>
    <subfield code="9">5394</subfield>
  </datafield>
  <datafield tag="958" ind1=" " ind2=" ">
    <subfield code="a">LX</subfield>
  </datafield>
  <datafield tag="958" ind1=" " ind2=" ">
    <subfield code="a">DB</subfield>
  </datafield>
  <datafield tag="958" ind1=" " ind2=" ">
    <subfield code="a">UP</subfield>
  </datafield>
  <datafield tag="952" ind1=" " ind2=" ">
    <subfield code="0">0</subfield>
    <subfield code="1">0</subfield>
    <subfield code="2">udc</subfield>
    <subfield code="4">0</subfield>
    <subfield code="7">0</subfield>
    <subfield code="8">K</subfield>
    <subfield code="a">10000</subfield>
    <subfield code="b">10000</subfield>
    <subfield code="d">2026-01-07</subfield>
    <subfield code="g">14.14</subfield>
    <subfield code="i">22503</subfield>
    <subfield code="o">B11019</subfield>
    <subfield code="p">B11019</subfield>
    <subfield code="r">2026-01-07</subfield>
    <subfield code="w">2026-01-07</subfield>
    <subfield code="y">KLDO</subfield>
  </datafield>
</record>
